[Event "38th Olympiad w"]
[Site "Dresden GER"]
[Date "2008.11.15"]
[Round "3"]
[White "Sachdev,T"]
[Black "Kosintseva,T"]
[Result "1-0"]
[WhiteElo "2425"]
[BlackElo "2513"]
[EventDate "2008.11.13"]

1. d4 Nf6 2. c4 e6 3. Nc3 Bb4 4. Nf3 d5 5. cxd5 exd5 6. Bg5 Nbd7 7. Rc1 c6
8. a3 Bd6 9. e3 O-O 10. Bd3 Re8 11. O-O Nf8 12. Qc2 Ng6 13. Rce1 Bg4 14.
Nh4 Bd7 15. f4 Nxh4 16. Bxh4 h6 17. Qb3 Be7 18. Bxf6 Bxf6 19. Bb1 Qc8 20.
Ne2 c5 21. Nc3 Bc6 22. Nxd5 Bh4 23. g3 Qg4 24. e4 cxd4 25. Nc7 Red8 26.
Nxa8 d3 27. Qd1 Qg6 28. Qf3 Be7 29. Bxd3 Rxa8 30. b4 Rd8 31. Rd1 Ba4 32.
Rd2 Qb6+ 33. Qf2 Qc7 34. Bb1 Rc8 35. Qxa7 Bb5 36. Rc2 Qd7 37. Rxc8+ Qxc8
38. Rd1 Qg4 39. Qd4 Bh4 40. e5 g6 41. f5 Qe2 42. gxh4 1-0

[Event "38th Olympiad w"]
[Site "Dresden GER"]
[Date "2008.11.15"]
[Round "3"]
[White "Kosintseva,N"]
[Black "Mohota,N"]
[Result "1-0"]
[WhiteElo "2468"]
[BlackElo "2311"]
[EventDate "2008.11.13"]

1. e4 d5 2. exd5 Nf6 3. Bb5+ Bd7 4. Be2 Nxd5 5. d4 Bf5 6. Nf3 e6 7. O-O Be7
8. a3 O-O 9. c4 Nb6 10. Nc3 Bg4 11. h3 Bxf3 12. Bxf3 Nc6 13. c5 Nd5 14.
Nxd5 exd5 15. Be3 Bf6 16. Qd3 g6 17. Rfe1 Re8 18. b4 Ne7 19. g4 g5 20. h4
gxh4 21. g5 Bg7 22. Bg4 Ng6 23. Bf5 c6 24. Qd1 Qc7 25. Qg4 Re7 26. Re2 Rae8
27. Rae1 Qd8 28. Kf1 a6 29. Bd2 Rxe2 30. Rxe2 Rxe2 31. Kxe2 Qc7 32. Bxg6
hxg6 33. Qxh4 Qe7+ 34. Be3 f6 35. gxf6 Qxf6 36. Qg3 Qf7 37. a4 Bf8 38. Qb8
Qe7 39. Kd2 Qf7 40. Kc3 Kh7 41. b5 axb5 42. axb5 Bg7 43. Kb4 Qd7 44. Qd6
Qc8 45. Qe7 Kg8 46. Ka5 cxb5 47. Kxb5 Qc6+ 48. Kb4 Bf8 49. Qd8 Kf7 50. Qa8
Qb6+ 51. Kc3 Qb5 52. Qa2 Ke6 53. Kd2 Qb4+ 54. Kd1 Qb5 55. Qc2 Kf6 56. Ke1
Kf7 57. f3 Be7 58. Kf2 Bh4+ 59. Kg2 Bf6 60. Bf2 Bg7 61. Qd2 Qc6 62. Qf4+
Qf6 63. Qe3 Qe7 64. Qc1 Qe6 65. Qb1 Qa6 66. Qb3 Qc6 67. Qa2 Bf6 68. Qa8 Qd7
69. Qb8 Qc6 70. Qf4 Kg7 71. Be3 Qe8 72. Kf2 Kf7 73. Qh2 Kg7 74. Qh6+ Kg8
75. Qf4 Kg7 76. Qg4 Qe7 77. Ke2 Qe8 78. Qf4 Qb5+ 79. Kf2 Qe8 80. Bd2 Qf7
81. Ba5 Qe7 82. Bd2 Qe8 83. Be3 Qf7 84. Ke2 Qe8 85. Kd2 Kf7 86. Qh2 Kg7 87.
Qd6 Qc6 88. Qb8 Qd7 89. Qh2 Qe8 90. Qh3 Kg8 91. Qg4 Kf7 92. Bg5 Bg7 93.
Qf4+ Kg8 94. Bh6 Bxh6 95. Qxh6 Qe6 96. Qf4 Qc6 97. Qe5 Kf7 98. Kc3 Kg8 99.
Kb4 Kf7 100. f4 Kg8 101. Qe7 Kh8 102. Qd6 Qc8 103. Qxd5 Qa8 104. Qd7 Qa6
105. Qd6 Qa8 106. Qxg6 Qd8 107. Qh6+ Kg8 108. Qg5+ 1-0

[Event "38th Olympiad w"]
[Site "Dresden GER"]
[Date "2008.11.15"]
[Round "3"]
[White "Swathi,G"]
[Black "Korbut,E"]
[Result "1-0"]
[WhiteElo "2320"]
[BlackElo "2459"]
[EventDate "2008.11.13"]

1. e4 c5 2. Nf3 Nc6 3. d4 cxd4 4. Nxd4 g6 5. Nc3 Bg7 6. Be3 Nf6 7. Bc4 O-O
8. Bb3 d6 9. f3 Nxd4 10. Bxd4 Qa5 11. Qd2 Be6 12. O-O-O Rfc8 13. Kb1 b5 14.
Rhe1 Bxb3 15. cxb3 Rab8 16. a3 Rb7 17. b4 Qd8 18. g4 Qf8 19. Qe2 a6 20. g5
Nd7 21. Bxg7 Qxg7 22. Nd5 Nb6 23. Rc1 Rxc1+ 24. Rxc1 Qd4 25. Qe3 Qxe3 26.
Nxe3 Kf8 27. Rc6 Ke8 28. Nd5 Nxd5 29. exd5 Ra7 30. Rc8+ Kd7 31. Rf8 Rc7 32.
Rxf7 Rc4 33. Rxh7 Rf4 34. Rg7 Rh4 35. Rxg6 Rxh2 36. Rg8 Rf2 37. Rf8 e5 38.
dxe6+ Kxe6 39. f4 Ke7 40. Rf6 Rg2 41. Kc1 Rh2 42. f5 Rf2 43. Kb1 d5 44.
Re6+ Kd7 45. Rxa6 Rxf5 46. g6 Rg5 47. Kc2 Rg3 48. b3 Kc7 49. a4 Kb7 50. Rf6
d4 51. a5 Ka7 52. Rb6 Ka8 53. Rxb5 Rxg6 54. Rd5 Rg2+ 55. Kd3 Rg3+ 56. Kxd4
Rxb3 57. Kc5 Rh3 58. Rd8+ Kb7 59. Rd7+ Kb8 60. a6 Rh8 61. b5 Rc8+ 62. Kd6
Rh8 63. Rb7+ Ka8 64. Rf7 Kb8 65. b6 Rh6+ 66. Kc5 Rh5+ 67. Kd4 Rh8 68. Ke5
Ka8 69. Kf5 Rg8 70. Kf6 Rb8 71. Ra7+ 1-0

[Event "38th Olympiad w"]
[Site "Dresden GER"]
[Date "2008.11.15"]
[Round "3"]
[White "Zepeda,L"]
[Black "Kachiani,K"]
[Result "1/2-1/2"]
[WhiteElo "2159"]
[BlackElo "2371"]
[EventDate "2008.11.13"]

1. e4 c6 2. d4 d5 3. e5 c5 4. dxc5 Nc6 5. Nf3 Bg4 6. Bb5 Qa5+ 7. Nc3 e6 8.
Be3 Nge7 9. a3 Nf5 10. b4 Qd8 11. Bf4 Nh4 12. Rg1 Bxf3 13. gxf3 Ng6 14. Bg3
a6 15. Ba4 Be7 16. Ne2 O-O 17. Bxc6 bxc6 18. Nd4 Qd7 19. f4 a5 20. c3 f5
21. Rh1 Ra7 22. h4 Rfa8 23. h5 Nf8 24. Qd3 Qb7 25. Ke2 Qa6 26. Nc2 Kf7 27.
Qxa6 Rxa6 28. Bh4 Bxh4 29. Rxh4 R6a7 30. Rh2 Ra6 31. Rg2 g6 32. Rh2 R6a7
33. hxg6+ hxg6 34. Rah1 axb4 35. cxb4 Ke7 36. Rh3 Kf7 37. Ra1 g5 38. Nd4 g4
39. Rc3 Ra6 40. Ke3 Ng6 41. Nc2 Nh4 42. Ne1 Ra4 43. Kd4 1/2-1/2

[Event "38th Olympiad w"]
[Site "Dresden GER"]
[Date "2008.11.15"]
[Round "3"]
[White "Michna,Mart"]
[Black "Zepeda,S"]
[Result "1-0"]
[WhiteElo "2399"]
[BlackElo "2118"]
[EventDate "2008.11.13"]

1. d4 d5 2. Nf3 e6 3. e3 Nf6 4. Nbd2 Bd6 5. b3 O-O 6. Bd3 Nbd7 7. Bb2 Re8
8. Ne5 c5 9. O-O Qc7 10. f4 b6 11. Rf3 Nf8 12. Rg3 Ng6 13. Ndf3 Bb7 14. Ng5
Re7 15. Rh3 Ne4 16. Bxe4 dxe4 17. Rxh7 Bxe5 18. Qh5 Ree8 19. fxe5 cxd4 20.
Ba3 1-0

[Event "38th Olympiad w"]
[Site "Dresden GER"]
[Date "2008.11.15"]
[Round "3"]
[White "Castaneda,Ad"]
[Black "Ohme,M"]
[Result "0-1"]
[WhiteElo "2068"]
[BlackElo "2237"]
[EventDate "2008.11.13"]

1. f4 c5 2. e4 Nc6 3. d3 e6 4. c3 d6 5. Be2 g6 6. Be3 Bg7 7. Bf3 Nge7 8.
Ne2 O-O 9. O-O b6 10. Na3 Ba6 11. Nc2 Rc8 12. Bf2 Qc7 13. g4 f5 14. Bg3
Rcd8 15. Ne3 d5 16. gxf5 dxe4 17. Bxe4 exf5 18. Qa4 fxe4 19. Qxa6 exd3 20.
Nc1 d2 21. Nb3 Nf5 22. Nxf5 Rxf5 23. Rad1 Rfd5 24. Qc4 Kh8 25. f5 Be5 26.
fxg6 Bxg3 27. Rf7 Bxh2+ 28. Kh1 Qg3 29. Rxh7+ Kg8 30. Qe4 Re5 31. Qc4+ Rdd5
32. Nxd2 b5 33. Qf1 Rf5 34. Qe2 Rde5 35. Qxb5 Re1+ 36. Rxe1 Qxe1+ 37. Kxh2
Qxd2+ 38. Kh1 Qe1+ 39. Kh2 Rf2+ 40. Kh3 Qh1+ 41. Kg3 Qg1+ 0-1

[Event "38th Olympiad w"]
[Site "Dresden GER"]
[Date "2008.11.15"]
[Round "3"]
[White "Hou Yifan"]
[Black "Peng Zhaoqin"]
[Result "1/2-1/2"]
[WhiteElo "2578"]
[BlackElo "2455"]
[EventDate "2008.11.13"]

1. e4 e6 2. d4 d5 3. Nc3 Nf6 4. e5 Nfd7 5. f4 c5 6. Nf3 Nc6 7. Be3 Be7 8.
Qd2 O-O 9. Be2 a6 10. O-O b5 11. a3 Qc7 12. Kh1 Bb7 13. Bd3 g6 14. dxc5
Nxc5 15. Ne2 Ne4 16. Qe1 b4 17. axb4 Nxb4 18. Nfd4 a5 19. b3 Ba6 20. Bxe4
dxe4 21. c4 Rfd8 22. Qg3 Bf8 23. Nc3 Nc6 24. Nde2 Ne7 25. Nxe4 Nf5 26. Qf2
Rab8 27. Bd2 Qc6 28. N2g3 Nxg3+ 29. Nxg3 Rxb3 30. Bxa5 Rdb8 31. Rfe1 Rb2
32. Bd2 Bc5 33. Qe2 Rd8 34. Rad1 Bb7 35. Nf1 Kg7 36. Rb1 Rxb1 37. Rxb1 h5
38. Be1 Rd4 39. Bd2 Re4 40. Qf3 Ba8 41. h3 Ba7 42. Ra1 Bd4 43. Rc1 Qa6 44.
Qd3 Qc6 45. Qf3 Qa6 46. Qd3 Qc6 47. Qf3 1/2-1/2

[Event "38th Olympiad w"]
[Site "Dresden GER"]
[Date "2008.11.15"]
[Round "3"]
[White "Schuurman,P"]
[Black "Zhao Xue"]
[Result "1/2-1/2"]
[WhiteElo "2324"]
[BlackElo "2518"]
[EventDate "2008.11.13"]

1. d4 d5 2. c4 e6 3. Nf3 Nf6 4. Nc3 Bb4 5. cxd5 exd5 6. Qa4+ Nc6 7. Bg5 h6
8. Bxf6 Qxf6 9. e3 O-O 10. Be2 Rd8 11. O-O a6 12. Rfc1 Be6 13. Qd1 Bd6 14.
Na4 Ne7 15. Nc5 Bc8 16. b4 Ng6 17. a4 b6 18. Nd3 Qe7 19. Qb3 Rb8 20. Qc3 f6
21. a5 Nf8 22. Nc5 Bxc5 23. dxc5 b5 24. Nd4 Bd7 25. c6 Be6 26. Qc5 Kf7 27.
f4 Qxc5 28. Rxc5 f5 29. Bf3 Nh7 30. Rd1 Nf6 31. Ne2 g6 32. Kf2 Rd6 33. h3
Ke7 34. Nd4 h5 35. h4 Bf7 36. g3 Rdd8 37. Ne2 Rd6 38. Nd4 Rdd8 39. Ke2 Ne8
40. Rd2 Nd6 41. Nc2 Ne4 42. Bxe4 dxe4 43. Re5+ Kf6 44. Rxd8 Rxd8 45. Nd4
Rd5 46. Rxd5 Bxd5 47. Kd2 Ke7 48. Kc2 Kd6 49. Kc3 Bf7 50. Kc2 Bc4 51. Kb2
Bg8 52. Kc3 Bd5 53. Kc2 Bxc6 54. Nb3 Bd7 55. Kc3 Kd5 56. Nc5 Bc8 57. Nb3
Bd7 58. Nc5 Bc8 59. Nb3 Bd7 60. Nc5 Bc8 1/2-1/2

[Event "38th Olympiad w"]
[Site "Dresden GER"]
[Date "2008.11.15"]
[Round "3"]
[White "Ju Wenjun"]
[Black "Bensdorp,M"]
[Result "1/2-1/2"]
[WhiteElo "2397"]
[BlackElo "2303"]
[EventDate "2008.11.13"]

1. d4 d5 2. c4 c6 3. Nc3 Nf6 4. Nf3 dxc4 5. a4 Bf5 6. e3 e6 7. Bxc4 Bb4 8.
O-O Nbd7 9. Qe2 Bg4 10. h3 Bxf3 11. Qxf3 O-O 12. Rd1 Rc8 13. e4 e5 14. Be3
Qe7 15. d5 Nb6 16. Bb3 cxd5 17. Nxd5 Nbxd5 18. exd5 a6 19. Rac1 Bd6 20. Bg5
h6 21. Bxf6 Qxf6 22. Qxf6 gxf6 23. Bc2 a5 24. Bf5 Rxc1 25. Rxc1 Rd8 26. g4
Kf8 27. Kf1 Ke7 28. Ke2 Rb8 29. Bd3 Kd8 30. Bb5 Rc8 31. Rxc8+ Kxc8 32. Be8
Kd8 33. Bxf7 Ke7 34. Be6 Bc5 35. f3 Bd4 36. b3 Bb2 37. Kd3 b6 38. Kc4 Ba3
39. Kb5 Bc5 40. Kc6 Kd8 41. d6 Be3 42. d7 Bc5 43. Bf5 Be3 44. Kd6 Bg5 45.
Ke6 Bh4 46. Bd3 Bg5 47. Be4 Bh4 48. Bc6 Bg5 49. Kf7 Bh4 50. Kf8 Bg5 51. Kf7
Bh4 52. Kg6 Bg5 53. Kh5 Bf4 54. Bb5 Ke7 55. Kg6 Bg5 56. Bc6 Kd8 57. Bb5 Ke7
58. Bc6 Kd8 59. Kh5 Bf4 60. h4 Bg3 61. g5 hxg5 62. hxg5 fxg5 63. Kxg5 Bf2
1/2-1/2

[Event "38th Olympiad w"]
[Site "Dresden GER"]
[Date "2008.11.15"]
[Round "3"]
[White "Van Weersel,A"]
[Black "Tan Zhongyi"]
[Result "0-1"]
[WhiteElo "2209"]
[BlackElo "2395"]
[EventDate "2008.11.13"]

1. e4 c5 2. c4 Nc6 3. Ne2 Nf6 4. Nbc3 Qa5 5. g3 Ne5 6. Ng1 d6 7. h3 e6 8.
d3 Be7 9. f4 Nc6 10. Bg2 O-O 11. Nge2 a6 12. O-O Rb8 13. g4 Nd7 14. Be3 b5
15. e5 Qc7 16. exd6 Bxd6 17. cxb5 axb5 18. Ne4 Nb4 19. Nxd6 Qxd6 20. d4 c4
21. f5 Nd3 22. Qd2 Bb7 23. fxe6 Bxg2 24. exf7+ Rxf7 25. Kxg2 Qc6+ 26. Kg1
Rbf8 27. Nf4 Qd6 28. Ne2 Nf6 29. Bf4 Qd7 30. b3 Ne4 31. Qe3 Nef2 32. Rxf2
Nxf2 33. Qxf2 g5 34. bxc4 bxc4 35. Rc1 Qd5 36. Qg2 Qxg2+ 37. Kxg2 gxf4 38.
Kf3 Rc8 39. Nc3 Kg7 40. Ne4 Ra7 41. Nc5 Rxa2 42. Rxc4 Kg6 43. h4 h5 44.
gxh5+ Kf5 0-1

[Event "38th Olympiad w"]
[Site "Dresden GER"]
[Date "2008.11.15"]
[Round "3"]
[White "Borsuk,A"]
[Black "Dzagnidze,N"]
[Result "1/2-1/2"]
[WhiteElo "2398"]
[BlackElo "2503"]
[EventDate "2008.11.13"]

1. d4 Nf6 2. c4 e6 3. Nc3 Bb4 4. Qc2 O-O 5. a3 Bxc3+ 6. Qxc3 b6 7. Bg5 Bb7
8. e3 d6 9. Ne2 Nbd7 10. Qd3 Qe7 11. Nc3 h6 12. Bh4 c5 13. d5 Ne5 14. Qd1
Ng6 15. Bg3 exd5 16. cxd5 Ne4 17. Be2 Rfe8 18. O-O Nxg3 19. hxg3 a6 20. a4
Bc8 21. e4 Bd7 22. f4 b5 23. e5 dxe5 24. d6 Qf6 25. f5 Nf8 26. axb5 axb5
27. Rxa8 Rxa8 28. Qd5 Rc8 29. Bxb5 Bxb5 30. Nxb5 e4 31. Nc3 e3 32. d7 Rd8
33. Qxc5 e2 34. Re1 1/2-1/2

[Event "38th Olympiad w"]
[Site "Dresden GER"]
[Date "2008.11.15"]
[Round "3"]
[White "Lomineishvili,M"]
[Black "Vasiliev,Olg"]
[Result "1-0"]
[WhiteElo "2437"]
[BlackElo "2235"]
[EventDate "2008.11.13"]

1. d4 d5 2. c4 dxc4 3. Nf3 c6 4. e3 Be6 5. a4 Nf6 6. Na3 Bd5 7. Nxc4 e6 8.
Bd3 c5 9. O-O Nc6 10. Nce5 cxd4 11. exd4 Be7 12. Be3 O-O 13. Rc1 Qb6 14.
Qe2 Qb4 15. Bb5 a6 16. Bxc6 bxc6 17. Nxc6 Bxc6 18. Rxc6 Qxa4 19. Rfc1 Nd5
20. Ne5 Rfd8 21. Qh5 Rf8 22. Qg4 Rad8 23. Qe2 a5 24. h3 Nb4 25. R6c4 Qb5
26. Qg4 Bf6 27. Rc5 Qa6 28. Ra1 a4 29. Ra3 Nd5 30. Bh6 Kh8 31. Rg3 1-0

[Event "38th Olympiad w"]
[Site "Dresden GER"]
[Date "2008.11.15"]
[Round "3"]
[White "Danielian,E"]
[Black "Fuchs,Ju"]
[Result "1-0"]
[WhiteElo "2513"]
[BlackElo "2238"]
[EventDate "2008.11.13"]

1. d4 Nf6 2. Nf3 g6 3. c4 Bg7 4. Nc3 O-O 5. Bg5 c5 6. d5 d6 7. e3 a6 8. a4
Qa5 9. Nd2 h6 10. Bh4 Bg4 11. f3 Bf5 12. Be2 g5 13. Bf2 Nbd7 14. O-O Ne5
15. Ra3 Nd3 16. Bxd3 Bxd3 17. Nb3 1-0

[Event "38th Olympiad w"]
[Site "Dresden GER"]
[Date "2008.11.15"]
[Round "3"]
[White "Schoene,Mar"]
[Black "Mkrtchian,L"]
[Result "0-1"]
[WhiteElo "2198"]
[BlackElo "2443"]
[EventDate "2008.11.13"]

1. e4 e6 2. d4 d5 3. Nc3 Bb4 4. exd5 exd5 5. Bd3 Nc6 6. a3 Bxc3+ 7. bxc3
Nf6 8. Ne2 Na5 9. O-O O-O 10. Ng3 Qd6 11. h3 Re8 12. Qf3 Qc6 13. a4 Nc4 14.
Bxc4 dxc4 15. Qxc6 bxc6 16. a5 Rb8 17. Ba3 Nd5 18. Bc5 a6 19. Bb4 Nxb4 20.
cxb4 Rxb4 21. c3 Rb5 22. Rfd1 f6 23. Kf1 Kf7 24. Re1 Rxe1+ 25. Kxe1 c5 26.
dxc5 Rxc5 27. Ke2 Rb5 28. Ra4 Be6 29. Ke3 Re5+ 30. Kd2 Bd5 31. h4 Bxg2 32.
Rxc4 c6 33. Ra4 Bf3 34. Rf4 Bd5 35. Ne2 Be6 36. Nd4 Bd7 37. Nb3 c5 38. Nc1
Ke7 39. Nd3 Rh5 40. Ke3 Kd6 41. c4 Rf5 42. Ke4 g6 43. Ke3 Rxf4 44. Kxf4 Be6
45. Nb2 h6 46. Ke4 Bf5+ 47. Kf4 Bc2 48. Ke3 g5 49. hxg5 fxg5 50. f4 g4 0-1

[Event "38th Olympiad w"]
[Site "Dresden GER"]
[Date "2008.11.15"]
[Round "3"]
[White "Galojan,L"]
[Black "Mader,Ma"]
[Result "1-0"]
[WhiteElo "2305"]
[BlackElo "2132"]
[EventDate "2008.11.13"]

1. d4 Nf6 2. c4 g6 3. Nc3 Bg7 4. Nf3 d6 5. g3 O-O 6. Bg2 Nc6 7. O-O a6 8.
h3 Bd7 9. Re1 Qc8 10. Kh2 e5 11. d5 Nd4 12. Nd2 b5 13. e3 Nf5 14. Nb3 Re8
15. c5 b4 16. Ne2 Ba4 17. e4 Nd4 18. Nexd4 exd4 19. c6 Nh5 20. Kg1 Bh8 21.
Bg5 a5 22. g4 Nf6 23. Qf3 Bxb3 24. Bxf6 Bxf6 25. Qxf6 Bc4 26. Qxd4 Ba6 27.
e5 Qd8 28. e6 f6 29. Re3 Qe7 30. h4 Rf8 31. h5 g5 32. Be4 h6 33. Bg6 Bc8
34. Bf7+ 1-0

[Event "38th Olympiad w"]
[Site "Dresden GER"]
[Date "2008.11.15"]
[Round "3"]
[White "Endress,A"]
[Black "Andriasian,S"]
[Result "0-1"]
[WhiteElo "2067"]
[BlackElo "2290"]
[EventDate "2008.11.13"]

1. e4 e5 2. Nf3 Nc6 3. Bc4 Nf6 4. d3 Bc5 5. c3 a6 6. O-O d6 7. Bb3 O-O 8.
h3 h6 9. Re1 Ba7 10. Nbd2 Ne7 11. Nf1 Ng6 12. Be3 Be6 13. Bxa7 Rxa7 14. Ng3
Qc8 15. d4 Ra8 16. Qc2 Nf4 17. dxe5 dxe5 18. Nxe5 Bxh3 19. Nf5 Bxf5 20.
exf5 c5 21. Rad1 b5 22. c4 Qb7 23. f3 Qc8 24. g3 Nh3+ 25. Kg2 Ng5 26. Rd6
Ra7 27. Qd3 Re7 28. cxb5 axb5 29. Qxb5 Qxf5 30. Qxc5 Qh3+ 31. Kf2 Qh2+ 32.
Kf1 Qxg3 33. Rxf6 gxf6 34. Qxe7 fxe5 35. Qxe5 Qxf3+ 36. Kg1 Qg4+ 37. Kf2
Qf3+ 38. Kg1 Qg4+ 39. Kf2 Rd8 40. Bd5 Qh4+ 41. Ke2 Qa4 42. Bxf7+ Kxf7 43.
Qf5+ Kg7 44. Rf1 Qc4+ 0-1

[Event "38th Olympiad w"]
[Site "Dresden GER"]
[Date "2008.11.15"]
[Round "3"]
[White "Sanchez Castillo,S"]
[Black "Hoang Thanh Trang"]
[Result "0-1"]
[WhiteElo "2206"]
[BlackElo "2483"]
[EventDate "2008.11.13"]

1. e4 e6 2. d4 d5 3. Nc3 Bb4 4. exd5 exd5 5. Bd3 Nc6 6. a3 Bxc3+ 7. bxc3
Qf6 8. Rb1 b6 9. Ne2 Bf5 10. O-O Bxd3 11. Qxd3 Nge7 12. Nf4 O-O 13. Qg3
Rac8 14. Nd3 Qg6 15. Qh3 Qf5 16. Qg3 Ng6 17. f4 f6 18. Qf3 h5 19. Re1 Rfe8
20. Bd2 Na5 21. Rxe8+ Rxe8 22. Re1 Re4 23. Nf2 Rxe1+ 24. Bxe1 Nc4 25. a4 c6
26. g3 Qe6 27. Nd3 Qe3+ 28. Kg2 Qxf3+ 29. Kxf3 Na3 30. Bd2 Nxc2 31. Bc1 Ne7
32. Bb2 Nf5 33. Bc1 Kf7 34. Ke2 Nd6 35. Kd1 Na1 36. Nb4 Nb3 37. Nxc6 Nxc1
38. Kxc1 a5 39. Kc2 Ke6 40. Na7 Kd7 41. Kb3 Nc4 42. Nb5 Nd2+ 43. Kc2 Nf1
44. Kd3 Nxh2 45. Ke2 Ng4 46. Na3 Nh6 47. Nc2 Nf5 48. Kf3 Kc6 49. g4 hxg4+
50. Kxg4 g6 0-1

[Event "38th Olympiad w"]
[Site "Dresden GER"]
[Date "2008.11.15"]
[Round "3"]
[White "Vajda,S"]
[Black "Ubaldo Suarez,M"]
[Result "1-0"]
[WhiteElo "2380"]
[BlackElo "2089"]
[EventDate "2008.11.13"]

1. e4 c5 2. Nf3 d6 3. d4 cxd4 4. Nxd4 Nf6 5. Nc3 g6 6. Bc4 Bg7 7. h3 O-O 8.
Bb3 Nc6 9. Be3 Bd7 10. O-O Rc8 11. f4 Qa5 12. Qf3 Nxd4 13. Bxd4 Bc6 14.
Rad1 b5 15. Qe3 Rc7 16. e5 Ne8 17. a3 Qa6 18. f5 dxe5 19. Bxe5 Bxe5 20.
Qxe5 Qb6+ 21. Kh2 Nf6 22. fxg6 hxg6 23. Rxf6 exf6 24. Qxf6 Qe3 25. Qxg6+
Kh8 26. Qf6+ Kh7 27. Rd4 Qxd4 28. Qxd4 Rd7 29. Nd5 1-0

[Event "38th Olympiad w"]
[Site "Dresden GER"]
[Date "2008.11.15"]
[Round "3"]
[White "Han Wong,Ir"]
[Black "Madl,I"]
[Result "0-1"]
[WhiteElo "2098"]
[BlackElo "2376"]
[EventDate "2008.11.13"]

1. d4 d5 2. c4 dxc4 3. Nf3 c5 4. e3 e6 5. Bxc4 Nf6 6. O-O Nc6 7. Nc3 Be7 8.
Re1 a6 9. Bd3 O-O 10. a3 cxd4 11. exd4 b6 12. Bc2 Bb7 13. Qd3 Rc8 14. d5
exd5 15. Bg5 Ne4 16. Nxe4 dxe4 17. Qxe4 g6 18. Rad1 Qc7 19. Bf4 Na5 20.
Bxc7 Bxe4 21. Bxe4 Rxc7 22. Ne5 b5 23. Nd7 Rd8 24. Nb6 Kg7 25. Rxd8 Bxd8
26. Nd5 Rd7 27. g3 Nc4 28. Re2 Ba5 29. Bg2 Nb6 30. Nxb6 Rd1+ 31. Bf1 Bxb6
32. Rc2 Bd4 33. Kg2 Rb1 34. Rd2 Bf6 35. Rd6 Rxb2 36. Rxa6 Bd4 37. Bd3 Bxf2
38. Kh1 h5 39. Ra5 b4 40. axb4 Rxb4 41. Ra2 Bb6 42. Re2 h4 43. Re4 Rb3 44.
Bc4 Rb1+ 45. Kg2 Rg1+ 46. Kf3 hxg3 47. hxg3 Bc7 48. Re7 Bxg3 49. Rxf7+ Kh6
50. Bd3 Bh4 51. Bxg6 Kxg6 52. Rb7 Ra1 53. Rb6+ Bf6 54. Rb5 Ra4 55. Rc5 Ba1
56. Rb5 Kf6 57. Rc5 Be5 58. Rc8 Kf5 59. Rf8+ Bf6 60. Re8 Rb4 61. Rf8 Rb3+
62. Ke2 Ke5 63. Re8+ Kd4 64. Re6 Be5 65. Ra6 Ke4 66. Ra2 Bd4 67. Rc2 Rh3
68. Kd1 Bc3 69. Ke2 Rh2+ 70. Kd1 Rh1+ 71. Ke2 Rh3 72. Kf1 Kd3 73. Kg2 Rh8
74. Rf2 Rg8+ 75. Kh1 Bd4 76. Rg2 Rf8 77. Rg3+ Be3 78. Rg2 Ke4 79. Rg4+ Kf3
80. Rg3+ Ke2 81. Rg2+ Bf2 82. Rg6 Kf3 83. Rh6 Bg3 84. Rh7 Rc8 85. Rf7+ Bf4
86. Rg7 Rh8+ 87. Kg1 Be3+ 0-1

[Event "38th Olympiad w"]
[Site "Dresden GER"]
[Date "2008.11.15"]
[Round "3"]
[White "Rudolf,An"]
[Black "Hernandez,Z"]
[Result "1-0"]
[WhiteElo "2318"]
[BlackElo "2039"]
[EventDate "2008.11.13"]

1. e4 c5 2. Nf3 d6 3. d4 cxd4 4. Nxd4 Nf6 5. Nc3 a6 6. Be2 e5 7. Nb3 Be7 8.
O-O Be6 9. f4 exf4 10. Bxf4 Qc7 11. Kh1 Nbd7 12. Nd4 O-O 13. Qe1 Qc5 14.
Rd1 Ne5 15. Qg3 b5 16. a3 Nfd7 17. Be3 Qc7 18. Nxe6 fxe6 19. Qh3 Rxf1+ 20.
Rxf1 Nf8 21. Bg4 Nxg4 22. Qxg4 Qc4 23. Kg1 d5 24. Qh5 Bc5 25. Bxc5 Qxc5+
26. Kh1 Ng6 27. exd5 exd5 28. Nxd5 Qxc2 29. Nf6+ gxf6 30. Qd5+ Kg7 31. Qb7+
Kh6 32. Qxa8 Qxb2 33. Qxa6 Nf4 34. Qc6 Kg6 35. Qe4+ 1-0

[Event "38th Olympiad w"]
[Site "Dresden GER"]
[Date "2008.11.15"]
[Round "3"]
[White "Rajlich,I"]
[Black "Esquivel de Leon,A"]
[Result "1-0"]
[WhiteElo "2404"]
[BlackElo "2037"]
[EventDate "2008.11.13"]

1. d4 Nf6 2. Nf3 g6 3. Bg5 Bg7 4. e3 d6 5. Be2 c5 6. Nbd2 cxd4 7. exd4 Qa5
8. O-O Nc6 9. c3 O-O 10. Re1 Rb8 11. Bf1 Bg4 12. Qc1 Rfc8 13. Nc4 Qd8 14.
Qf4 Bxf3 15. Qxf3 b5 16. Ne3 b4 17. Bxf6 exf6 18. Ba6 Rc7 19. Nd5 Rd7 20.
Qe2 bxc3 21. bxc3 f5 22. Bb5 Qc8 23. Qc4 Rxb5 24. Qxb5 Rb7 25. Re8+ Qxe8
26. Qxb7 Kf8 27. Qc7 Nd8 28. Qxd6+ Kg8 29. Nc7 Qf8 30. Qxf8+ Bxf8 31. Rb1
Bd6 32. Nb5 Bb8 33. d5 a6 34. Nd4 Kf8 1-0

[Event "38th Olympiad w"]
[Site "Dresden GER"]
[Date "2008.11.15"]
[Round "3"]
[White "Hernandez Guerrero,Y"]
[Black "Zawadzka,J"]
[Result "0-1"]
[WhiteElo "2228"]
[BlackElo "2378"]
[EventDate "2008.11.13"]

1. d4 Nf6 2. c4 g6 3. Nc3 Bg7 4. e4 d6 5. f3 O-O 6. Be3 a6 7. Bd3 Nbd7 8.
Nge2 c5 9. Qd2 e6 10. Rc1 b6 11. O-O Bb7 12. Bb1 cxd4 13. Bxd4 Rc8 14. b3
Qc7 15. Rfd1 Rfd8 16. Be3 Ne8 17. Nd4 Qb8 18. Qf2 Ba8 19. a4 Nc7 20. Bg5
Bf6 21. Qh4 Ne8 22. Nde2 Qc7 23. Bxf6 Ndxf6 24. f4 Qc5+ 25. Kh1 Qb4 26. f5
exf5 27. exf5 d5 28. fxg6 hxg6 29. Rf1 Rd6 30. Qh3 Rcd8 31. Nxd5 Nxd5 32.
cxd5 Bxd5 33. Nf4 Bxb3 34. Bxg6 fxg6 35. Rb1 Rf6 36. Nxg6 Rxg6 37. Rxb3 Qc4
38. Rbf3 Ng7 39. Re1 Qxa4 40. Rg3 Qe4 41. Rc1 b5 42. Rxg6 Qxg6 43. Qh4 Re8
44. Qd4 Qe4 45. Qc5 Qe1+ 0-1

[Event "38th Olympiad w"]
[Site "Dresden GER"]
[Date "2008.11.15"]
[Round "3"]
[White "Majdan,J"]
[Black "Mendoza Velazquez,L"]
[Result "1-0"]
[WhiteElo "2284"]
[BlackElo "2015"]
[EventDate "2008.11.13"]

1. e4 g6 2. d4 Bg7 3. Nf3 c5 4. dxc5 Qa5+ 5. c3 Qxc5 6. Na3 Nf6 7. Be3 Qc7
8. Nb5 Qd8 9. Bf4 d6 10. e5 Nh5 11. Bg5 f6 12. exd6 O-O 13. Bc4+ e6 14. Be3
f5 15. Nc7 f4 16. Bc1 b5 17. Bb3 Bb7 18. O-O Kh8 19. Nxe6 Qf6 20. Nxf8 Bxf8
21. d7 Nc6 22. Qd5 Be7 23. Re1 Ng7 24. Nd4 a6 25. Qe4 Bc5 26. Bd5 Bxd4 27.
cxd4 g5 28. Bd2 Rd8 29. Rac1 Rxd7 30. Bxc6 Rxd4 31. Bc3 Rxe4 32. Bxf6 Rxe1+
33. Rxe1 Bxc6 34. Re7 1-0

[Event "38th Olympiad w"]
[Site "Dresden GER"]
[Date "2008.11.15"]
[Round "3"]
[White "Real Pereyra,D"]
[Black "Przezdziecka,M"]
[Result "0-1"]
[WhiteElo "1766"]
[BlackElo "2327"]
[EventDate "2008.11.13"]

1. e4 c5 2. Nf3 d6 3. d4 cxd4 4. Nxd4 Nf6 5. Nc3 Nc6 6. f4 Qb6 7. Nf3 e6 8.
Bd3 Be7 9. Qe2 a6 10. Rb1 O-O 11. Be3 Qc7 12. h3 b5 13. O-O Bb7 14. a3 Rac8
15. g4 Nd7 16. Rf2 Nc5 17. Rg2 b4 18. Nd1 d5 19. Nf2 dxe4 20. Nxe4 Nxd3 21.
Qxd3 Rfd8 22. Qe2 Ne5 23. fxe5 Bxe4 24. axb4 Qb7 25. Ne1 Bxg2 26. Nxg2 Bxb4
27. Nf4 Qe4 28. Nd3 Rxc2 29. Qxc2 Qxe3+ 30. Nf2 Rd2 31. Qc8+ Bf8 32. Rf1
Qg3+ 0-1

[Event "38th Olympiad w"]
[Site "Dresden GER"]
[Date "2008.11.15"]
[Round "3"]
[White "De Blecourt,S"]
[Black "Maric,A"]
[Result "0-1"]
[WhiteElo "2078"]
[BlackElo "2405"]
[EventDate "2008.11.13"]

1. d4 e6 2. c4 Nf6 3. Nc3 Bb4 4. Qb3 c5 5. dxc5 Nc6 6. Bg5 Bxc5 7. e3 O-O
8. Nf3 Be7 9. Rd1 b6 10. a3 Bb7 11. Be2 Ne8 12. Bf4 d6 13. O-O Rc8 14. Qa2
Qc7 15. b4 Qb8 16. Rd2 Nf6 17. Rfd1 Rfd8 18. Qb1 h6 19. Nb5 Ne5 20. Nxd6
Bxd6 21. Bxe5 Bxe5 22. Rxd8+ Rxd8 23. Rxd8+ Qxd8 24. Nxe5 Ne4 25. Bd3 Qd6
26. Nf3 Nf6 27. h3 Qc6 28. Bf1 Qa4 29. Qc1 Ne4 30. Nd4 Qd7 31. Be2 e5 32.
Nf3 f6 33. Qd1 Qc7 34. Qb3 Kf8 35. Bd3 Nd6 36. Nd2 Qc6 37. Bf1 Ke7 38. Qd3
Kf7 39. Qb3 Kf8 40. Qc2 Nc8 41. c5 bxc5 42. bxc5 Ne7 43. Qc4 Qd7 44. Ne4
Bd5 45. Qb4 Nc6 46. Qa4 Nb8 47. Qb4 Qb7 48. Nd6 Qxb4 49. axb4 a6 50. e4 Be6
51. b5 axb5 52. Bxb5 Ke7 53. Kf1 g6 54. Ke2 Nd7 55. Nb7 f5 56. f3 Nf6 57.
Kd3 fxe4+ 58. fxe4 Nh5 59. Kc3 Nf4 60. Bf1 Kd7 61. Kb4 Ba2 62. Nd6 Kc6 63.
Nf7 Bxf7 64. Bb5+ Kc7 65. Bf1 Ba2 0-1

[Event "38th Olympiad w"]
[Site "Dresden GER"]
[Date "2008.11.15"]
[Round "3"]
[White "Bojkovic,N"]
[Black "Fredericia,L"]
[Result "1-0"]
[WhiteElo "2420"]
[BlackElo "2095"]
[EventDate "2008.11.13"]

1. e4 d5 2. exd5 Qxd5 3. Nc3 Qa5 4. Bc4 Nf6 5. d3 Bg4 6. f3 Bh5 7. Bd2 c6
8. Qe2 e6 9. g4 Bg6 10. f4 Kd8 11. Nd5 Qc5 12. Bb4 Qd4 13. Bc3 Qc5 14. Nxf6
gxf6 15. Bxf6+ Be7 16. Bxh8 Bh4+ 17. Kf1 Nd7 18. Nf3 Be7 19. Bd4 Qd6 20.
Be5 Nxe5 21. Qxe5 Qb4 22. a3 Qb6 23. Qd4+ 1-0